000 nam a22 a 4500
999 _c2146
_d2146
005 20170515160822.0
008 170515s2010 my ||||| |||| 00| 0 eng d
040 _aAKMAL
082 _a382.9595093 MAL
090 _a382.9595093
_bMAL
110 _aMalaysia
_bJabatan Kastam Diraja Malaysia
_91301
245 0 0 _aAkta Kastam 1967: Perintah Duti Kastam ( Barang-barang Di Bawah Perjanjian Perdagangan Bebas Antara Malaysia Dengan New Zealand) 2010 [ P.U. (A) 254/2010] =
_bCustoms Act 1967: Customs Duties(Goods Under The Free Trade Agreement Between Malaysia and New Zealand) 2010 [P.U.(A) 254/2010]
260 _aKuala Lumpur;
_bPercetakan Nasional Berhad,
_c2010.
300 _a900pages
_billustrated;
_c25cm
500 _aParallel text in Bahasa Malaysia and English
650 1 _aCustoms Administration
_xLaw and legislation
_zMalaysia.
_94489
650 1 _aTrade
_xLaw and legislation
_zMalaysia
_94490
650 2 _aTariff
_xLaw and legislation
_zMalaysia
_920
942 _2ddc
_cBOOK
950 _lAKMAL